00637 aa a2200193 4500008004100000010001400041020001500055020001700070035001300087082001300100100003100113245006900144260003100213260000900244300001700253942002700270999001700297952012900314081021t xxu||||| |||| 00| 0 eng d aENG-84529 a8186867848 c1200.00 (hb) aEN-68062 a782.0331 aRoychaudhuri, Bimalakanta  aThe Grammar of north Indian ragas /cby Bimalakanta Roychaudhuri aNew DelhibOm Publications c2005 a447pc22.5cm 2ddccENh782.0331mROY c17835d17835 00102ddc4071aDBADbDBADd2007-03-08g1200.00l0o782.0331 ROYpEN-68062r2008-11-04 00:00:00t1v1200.00w2008-11-04yEN